Statistics for European Capitals Furthest from the Sea

Click here to take the quiz!

General Stats

  • This quiz has been taken 24,048 times
  • The average score is 8 of 10

Answer Stats

kmCapital% Correct
635Moscow
93%
342Vienna
88%
418Budapest
86%
417Kiev
84%
391Prague
83%
298Bern
83%
415Minsk
74%
307Madrid
69%
371Bratislava
68%
293Belgrade
55%

Score Distribution

Percentile by Number Answered

Percent of People with Each Score

Your Score History

You have not taken this quiz